000 00723nam a22002177a 4500
003 UA-OsUOA
001 52892
007 ta
008 20080305b un ||||| |||| 00| 0 ukr d
100 _aМінаєва В.
090 _a659
_bМ-12
942 _cSA
040 _aUA-OsUOA
_bukr
_cUA-OsUOA
_dUA-OsUOA
245 _aЗв'язки з громиадскістю як комунікаційний процесдержавного управління
300 _aС.160-169
955 _a0
041 _aukr
080 _a659
773 0 _w52890
650 7 _a659 Реклама. Система інформації. Громадська інформація та реклама (Паблик-Рилейшнз)
_2UDC
999 _c338977
_d338977